[Event "AUTO-BEG-433"]
[Site "http://www.queenalice.com/game.php?id=848724"]
[Date "2010.10.21"]
[Round "1"]
[White "Adyda"]
[Black "alfil187"]
[Result "1-0"]
[WhiteElo "1425"]
[BlackElo "1016"]

1. e4 e5 2. Nf3 Nf6 3. Qe2 b6 4. Nxe5 Nc6 5. Nxc6 dxc6 6. f4 Bg4 7. Qe3 Bc5 8.
Qd3 O-O 9. Qxd8 Rfxd8 10. h3 Be6 11. f5 Nxe4 12. fxe6 1-0

[Event "AUTO-BEG-433"]
[Site "http://www.queenalice.com/game.php?id=848725"]
[Date "2010.10.21"]
[Round "1"]
[White "alfil187"]
[Black "Adyda"]
[Result "0-1"]
[WhiteElo "1016"]
[BlackElo "1425"]

1. g3 e5 2. b3 d5 3. Na3 Qf6 4. Nh3 Bxh3 5. Bxh3 Bc5 6. O-O Nh6 7. Bb2 g5 8. e3
Qc6 9. Bxe5 f6 10. Bc3 Bxa3 11. Qf3 Rf8 0-1

[Event "AUTO-BEG-434"]
[Site "http://www.queenalice.com/game.php?id=849631"]
[Date "2010.10.23"]
[Round "1"]
[White "Adyda"]
[Black "vicoxd"]
[Result "1-0"]
[WhiteElo "1415"]
[BlackElo "1231"]

1. e4 e5 2. Nf3 Nc6 3. Bc4 Bc5 4. d3 d6 5. Ng5 Nh6 6. Qf3 O-O 7. Nc3 Nd4 8. Qg3
Nxc2+ 9. Kd2 Nxa1 10. Qf3 Qxg5+ 11. Ke1 Qg4 12. Qxg4 Nxg4 13. f3 Ne3 14. Bxe3
Bxe3 15. Kd1 Be6 16. Bxe6 fxe6 17. Ke2 Bf4 18. g3 Bh6 19. Rxa1 Rf6 20. Nb5 1-0

[Event "AUTO-BEG-434"]
[Site "http://www.queenalice.com/game.php?id=849632"]
[Date "2010.10.23"]
[Round "1"]
[White "vicoxd"]
[Black "Adyda"]
[Result "1-0"]
[WhiteElo "1297"]
[BlackElo "1427"]

1. d4 d5 2. Nf3 f6 3. Bf4 e6 4. e3 Bd6 5. Bg3 Bxg3 6. hxg3 Ne7 7. Nc3 Nbc6 8.
Be2 a6 9. Qd3 g6 10. Na4 Nb4 11. Qb3 Nec6 12. a3 b5 13. Nc5 Na5 14. Qxb4 c6 15.
Bd3 Nb7 16. Bxg6+ hxg6 17. Rxh8+ Kf7 18. Rxd8 Nxd8 19. Qa5 1-0

[Event "AUTO-BEG-433"]
[Site "http://www.queenalice.com/game.php?id=867294"]
[Date "2010.12.3"]
[Round "2"]
[White "saida"]
[Black "Adyda"]
[Result "0-1"]
[WhiteElo "1316"]
[BlackElo "1390"]

1. d4 d5 2. c4 dxc4 3. e4 e6 4. Bxc4 c6 5. Nf3 b5 6. Bb3 a5 7. O-O a4 8. Bc2 Bb4
9. a3 Ba5 10. Ne5 f6 11. Nf3 Nd7 12. e5 f5 13. Nc3 Nb6 14. Bg5 Qd7 15. Qd3 h6
16. Bh4 g5 17. Bxg5 hxg5 18. Nxg5 Ba6 19. Qg3 b4 20. axb4 Bxf1 21. bxa5 Bxg2 22.
axb6 Bd5 23. Rxa4 Rxa4 24. Nxa4 Qb7 25. Nxe6 Bxe6 26. Qg6+ Bf7 27. Qd6 Ne7 28.
e6 Rg8+ 29. Kf1 Bg6 30. Nc5 Qxb6 31. Qd7+ Kf8 32. Qd6 Be8 33. Bxf5 Qa6+ 34. Bd3
Qa1+ 35. Ke2 Bh5+ 36. Kd2 Qxb2+ 37. Bc2 Qb4+ 38. Ke3 Qe1+ 39. Kd3 Qe2+ 40. Kc3
Qf3+ 41. Kc4 Qe2+ 42. Kc3 Qf3+ 43. Bd3 Be8 44. Nd7+ Kg7 45. Qe5+ Kh6 46. Qf6+
Qxf6 47. Nxf6 Rf8 48. Ng4+ Kg5 49. Be2 Kf5 50. d5 cxd5 51. Ne3+ Kxe6 52. Kd4
Rxf2 53. Bg4+ Kd6 54. h4 Rf4+ 55. Kd3 d4 56. Nc4+ Kc5 57. Ne5 Ng6 58. Bd7 Nxe5+
0-1

[Event "AUTO-BEG-433"]
[Site "http://www.queenalice.com/game.php?id=867295"]
[Date "2010.12.3"]
[Round "2"]
[White "Adyda"]
[Black "saida"]
[Result "0-1"]
[WhiteElo "1417"]
[BlackElo "1302"]

1. e4 e6 2. Bc4 d5 3. Bxd5 exd5 4. exd5 Qxd5 5. f3 Bc5 6. Ne2 Nf6 7. Rg1 Bxg1 8.
Nxg1 O-O 9. d3 Qd4 10. Ne2 Qh4+ 11. g3 Qxh2 12. Kd2 Re8 13. Nc3 Nc6 14. d4 Nxd4
15. Kd3 Nxe2 16. Nxe2 Rd8+ 17. Nd4 c5 18. c3 cxd4 0-1

[Event "Challenge"]
[Site "http://www.queenalice.com/game.php?id=876962"]
[Date "2010.12.26"]
[Round "-"]
[White "matt22"]
[Black "Adyda"]
[Result "0-1"]
[WhiteElo "1296"]
[BlackElo "1501"]

1. e4 c5 2. Nf3 d6 3. d4 cxd4 4. Nxd4 Nf6 5. Nc3 e5 6. Bb5+ Bd7 7. Qe2 a6 8.
Bxd7+ Qxd7 9. Be3 Nc6 10. Nxc6 Qxc6 11. O-O-O b5 12. a3 d5 13. Nxd5 Rd8 14.
Nxf6+ Qxf6 0-1

[Event "Challenge"]
[Site "http://www.queenalice.com/game.php?id=877390"]
[Date "2010.12.27"]
[Round "-"]
[White "matt22"]
[Black "Adyda"]
[Result "0-1"]
[WhiteElo "1372"]
[BlackElo "1423"]

1. e4 c5 2. Nf3 Nc6 3. d4 e6 4. dxc5 Bxc5 5. Nc3 Qb6 6. Qe2 Nd4 7. Nxd4 Bxd4 8.
Nb5 a6 9. Na3 Bxb2 10. Bxb2 Qxb2 0-1

[Event "Challenge"]
[Site "http://www.queenalice.com/game.php?id=878565"]
[Date "2010.12.29"]
[Round "-"]
[White "FranzMeM"]
[Black "Adyda"]
[Result "1/2-1/2"]
[WhiteElo "1533"]
[BlackElo "1418"]

1. e4 c5 2. Bc4 e5 3. Qf3 f6 4. Bxg8 Rxg8 5. c4 d6 6. h3 Nc6 7. Ne2 Nb4 8. Qc3
h5 9. a3 Qa5 10. O-O g5 11. d3 Nc6 12. Qxa5 Nxa5 13. Nd2 h4 14. f3 f5 15. b3
fxe4 16. dxe4 Be6 17. Bb2 Nxb3 18. Nxb3 Bxc4 19. Nbc1 Bg7 20. a4 d5 21. exd5
Bxd5 22. a5 e4 23. Bxg7 exf3 24. gxf3 Rxg7 25. Re1 Bxf3 26. Nd4+ Kd7 27. Nxf3 g4
28. Ne5+ Kd6 29. hxg4 Re7 30. Nc4+ Kd7 31. Rxe7+ Kxe7 32. Nd3 Ke6 33. Nxc5+ Kd5
34. Nxb7 Kxc4 35. Rf1 Rg8 36. Rf4+ Kd3 37. Kh2 Ke3 38. Rb4 Kf3 39. Kh3 Rh8 40.
Nd6 Rg8 41. Nf5 Rg5 42. Kxh4 Rg6 43. g5 Rg8 44. a6 Rf8 45. Rb5 Kf4 46. Nh6 Re8
47. Kh5 Re6 48. Ra5 Re2 49. Kg6 Re6+ 50. Kf7 Rc6 51. Ke8 Rc8+ 52. Kd7 Rh8 53.
Kc7 Rh7+ 54. Kb8 Rg7 55. Ka8 Re7 56. g6 Rg7 57. Rf5+ Ke4 58. Kb8 Rxg6 59. Kxa7
Rxh6 60. Rf8 Rh3 61. Ka8 Kd5 62. a7 Rb3 63. Rd8+ Kc6 64. Rb8 Rh3 65. Rc8+ Kd7
66. Rg8 Rb3 67. Rg7+ Kc8 1/2-1/2